书目信息 |
| 书名: | Public and Private Families | |
| 作者: | Cherlin. | |
| 分册号: | ||
| 分册名: | 出版地: | New York : |
|
| 出版社: | McGraw-Hill,Inc | |
| 出版时间: | 1996. | |
| 页数: | 530 p. ; | |
| 开本: | 29cm. | |
| 丛书名: | ||
| 中图分类号: | ||
| 科图分类号: | ||
| 其他分类号: | C913.1 | |
| 主题词: | ||
| 电子资源: | ||
| 000 | 00433nam 2200157 a 4500 | |
| 001 | E0160174224 | |
| 005 | 2001112816425329 | |
| 008 | 011128s1996 00010 eng | |
| 020 | @a0-07-010632-0. | |
| 040 | @aPFT@beng | |
| 090 | @aC913.1 | |
| 099 | @dC913.1@eC521 | |
| 245 | @aPublic and Private Families :@ban introduction / @cCherlin. | |
| 260 | @aNew York :@bMcGraw-Hill,Inc.,@c1996. | |
| 300 | @a530 p. ;@c29cm. | |
| 500 | @aIncludes index. | |
| Public and Private Families : : an introduction / / Cherlin.-New York : : McGraw-Hill,Inc., , 1996. |
| 530 p. ; ; 29cm. |
| Includes index. |
| ISBN 0-07-010632-0. |
| ● |
| 相关链接 |
|
|
|
正题名:Public and Private Families
索取号:C913.1/C521
 
预约/预借
| 序号 | 登录号 | 条形码 | 馆藏地/架位号 | 状态 | 备注 |
| 1 | 01059 | 300010592 | 社科库509/509社科库 131排2列4层/ [索取号:C913.1/C521] | 在馆 | |
| 2 | 01889 | 300018898 | 社科库509/509社科库 131排2列4层/ [索取号:C913.1/C521] | 在馆 | |
| 3 | 01890 | 300018905 | 社科库509/509社科库 131排2列4层/ [索取号:C913.1/C521] | 在馆 | |
| 4 | 02218 | 300022188 | 社科库509/509社科库 131排2列4层/ [索取号:C913.1/C521] | 在馆 | |
| 5 | 0231 | 300002315 | 社科库509/509社科库 131排2列4层/ [索取号:C913.1/C521] | 在馆 | |
| 6 | 03313 | 300033130 | 社科库509/509社科库 131排2列4层/ [索取号:C913.1/C521] | 在馆 |